<?xml version="1.0" encoding="UTF-8"?>
<collection xmlns:xsi="http://www.w3.org/2001/XMLSchema-instance" xsi:schemaLocation="http://www.loc.gov/MARC21/slim http://www.loc.gov/standards/marcxml/schema/MARC21slim.xsd" xmlns="http://www.loc.gov/MARC21/slim">
 <record>
  <leader>00000ctm a22000004i 4500</leader>
  <controlfield tag="001">UP-99796217611949629</controlfield>
  <controlfield tag="003">Buklod</controlfield>
  <controlfield tag="005">20160226104318.0</controlfield>
  <controlfield tag="006">m    |o  d |      </controlfield>
  <controlfield tag="007">ta</controlfield>
  <controlfield tag="008">160226s2015    xx     d     r    |||| u|</controlfield>
  <datafield tag="035" ind1=" " ind2=" ">
   <subfield code="a">(iLib)UPD-00254210257</subfield>
  </datafield>
  <datafield tag="040" ind1=" " ind2=" ">
   <subfield code="a">DENG</subfield>
   <subfield code="e">rda</subfield>
  </datafield>
  <datafield tag="041" ind1=" " ind2=" ">
   <subfield code="a">eng</subfield>
  </datafield>
  <datafield tag="042" ind1=" " ind2=" ">
   <subfield code="a">DMLUC</subfield>
  </datafield>
  <datafield tag="090" ind1=" " ind2=" ">
   <subfield code="a">LG 995 2015 E65</subfield>
   <subfield code="b">N86</subfield>
  </datafield>
  <datafield tag="100" ind1="1" ind2=" ">
   <subfield code="a">Nunez, Gandy M.</subfield>
   <subfield code="e">author.</subfield>
  </datafield>
  <datafield tag="245" ind1="1" ind2="0">
   <subfield code="a">Fabrication and characterization of proton-conducting solid oxide electrolyte for fuel cell application</subfield>
   <subfield code="c">thesis by Gandy M. Nuñez ; Rinlee Butch M. Cervera, adviser.</subfield>
  </datafield>
  <datafield tag="264" ind1=" " ind2="0">
   <subfield code="a">Quezon City</subfield>
   <subfield code="b">College of Engineering, University of the Philippines Diliman</subfield>
   <subfield code="c">2015.</subfield>
  </datafield>
  <datafield tag="300" ind1=" " ind2=" ">
   <subfield code="a">xiii, 131 leaves</subfield>
   <subfield code="b">color illustrations</subfield>
   <subfield code="c">28 cm</subfield>
  </datafield>
  <datafield tag="336" ind1=" " ind2=" ">
   <subfield code="a">text</subfield>
   <subfield code="2">rdacontent</subfield>
  </datafield>
  <datafield tag="337" ind1=" " ind2=" ">
   <subfield code="a">unmediated</subfield>
   <subfield code="2">rdamedia</subfield>
  </datafield>
  <datafield tag="338" ind1=" " ind2=" ">
   <subfield code="a">volume</subfield>
   <subfield code="2">rdacarrier</subfield>
  </datafield>
  <datafield tag="502" ind1=" " ind2=" ">
   <subfield code="a">Thesis (M.S. Energy Engineering)--University of the Philippines Diliman</subfield>
   <subfield code="d">May 2015.</subfield>
  </datafield>
  <datafield tag="506" ind1=" " ind2=" ">
   <subfield code="a">Available to the general public.</subfield>
  </datafield>
  <datafield tag="520" ind1="3" ind2=" ">
   <subfield code="a">One of the promising materials for Intermediate Temperature (400-600°C) Solid Oxide Fuel Cell (IT-SOFC) is yttrium-doped Barium Zirconate (BZY) due to its high protonic conductivity and chemical stability. It can be synthesized via wet chemistry processes or solid state reaction. In this study, stoichiometric amounts of ZrO2, Y2O3, Ba(NO3)2, HNO3, citric acid and ethylene glycol were prepared to synthesize 20% mol V-doped BaZrO3 (BZY20) via a modified citrate-nitrate combustion wet chemistry process (Pechini Method). The obtained BZY20 sample has been fully characterized using XRD, TG/DTGIDT A, FTIR, Raman Spectroscopy and SEMIEDS. XRD results showed that for sample sintered at 1500°C, a single phase BZY20 was successfully synthesized. The calculated lattice parameter is 4.2100 A which is higher than the reported lattice parameter of a pure BaZr03 (BZ) at 4.1930A due to higher ionic radius of Y+3 as compared to Zr+4. Thus, yttrium has been successfully doped in the BaZrO3 perovskite structure. Morphological analysis revealed an average grain size of about 1um with relative density of about 95%. The electrolyte performance was evaluated by measuring the electrochemical impedance of BZY20 in dry, humidified and D2O argon gas flow environment at 400-600°C to investigate the protonic conductivity of the sample using a fabricated conductivity cell and testing set-up. A constant voltage perturbation of 10 mV was applied at a frequency range of 5MHz - 0.1 Hz. Results showed that the highest conductivity was attained at 600°C in humidified argon gas flow environment. The total conductivity values observed were 5.1Oxl0.5-5 Scm-1, 1.95xl0-4 Scm-1 and 1.59x10-4 Scm-1, for dry argon, humidified argon and D2O argon gas flow environment, respectively. Hence, in this study BZY20 was successfully synthesized via a modified Pechini method using a more readily available and cheaper raw materials and the material showed a total protonic conductivity promising as a solid electrolyte for IT-SOFCs.</subfield>
  </datafield>
  <datafield tag="650" ind1=" " ind2="0">
   <subfield code="a">Solid oxide fuel cells.</subfield>
  </datafield>
  <datafield tag="650" ind1=" " ind2="0">
   <subfield code="a">Solid state proton conductors.</subfield>
  </datafield>
  <datafield tag="700" ind1="1" ind2=" ">
   <subfield code="a">Cervera, Rinlee Butch M.</subfield>
   <subfield code="e">adviser.</subfield>
  </datafield>
  <datafield tag="905" ind1=" " ind2=" ">
   <subfield code="a">FI</subfield>
  </datafield>
  <datafield tag="905" ind1=" " ind2=" ">
   <subfield code="a">UP</subfield>
  </datafield>
  <datafield tag="852" ind1="0" ind2=" ">
   <subfield code="a">UPD</subfield>
   <subfield code="b">DENG-II</subfield>
   <subfield code="h">LG 995 2015 E65</subfield>
   <subfield code="i">N86</subfield>
  </datafield>
  <datafield tag="942" ind1=" " ind2=" ">
   <subfield code="a">Thesis</subfield>
  </datafield>
 </record>
</collection>
